Central Library OPAC University of Rajshahi

সাহিত্যজিজ্ঞাসায় রবীন্দ্রনাথ / (Record no. 65229)

MARC details
000 -LEADER
fixed length control field 01090nam a2200265 a 4500
001 - CONTROL NUMBER
control field 65229
003 - CONTROL NUMBER IDENTIFIER
rucl marc code BD-RjUL
005 - DATE AND TIME OF LATEST TRANSACTION
control field 20211209081411.0
008 - FIXED-LENGTH DATA ELEMENTS--GENERAL INFORMATION
fixed length control field 170301s1969 ii |||| |||| 000 0 ben d
020 ## - INTERNATIONAL STANDARD BOOK NUMBER
Terms of availability : Tk. 9.00
035 ## - SYSTEM CONTROL NUMBER
System control number (BD-RjUL)65359
040 ## - CATALOGING SOURCE
Original cataloging agency BD-RjUL
Language of cataloging ben
Transcribing agency BD-RjUL
Modifying agency BD-RjUL
041 ## - LANGUAGE CODE
Language code of text/sound track or separate title ben
082 ## - DEWEY DECIMAL CLASSIFICATION NUMBER
Edition number 23
Classification number 891.4414
Author mark and year BAS 1969
100 1# - MAIN ENTRY--PERSONAL NAME
Personal name বন্দোপাধ্যায়, অসিতকুমার
9 (RLIN) 193121
245 10 - TITLE STATEMENT
Title সাহিত্যজিজ্ঞাসায় রবীন্দ্রনাথ /
Statement of responsibility, etc. অসিতকুমার বন্দোপাধ্যায়
260 ## - PUBLICATION, DISTRIBUTION, ETC. (IMPRINT)
Place of publication, distribution, etc. কলকাতা :
Name of publisher, distributor, etc. করুনা প্রকাশনী,
Date of publication, distribution, etc. ১৯৬৯ [১৩৭৬]
300 ## - PHYSICAL DESCRIPTION
Pagination খণ্ড. ;
Size ১৯ সেমি.
505 ## - FORMATTED CONTENTS NOTE
Formatted contents note খণ্ড ১--
600 ## - SUBJECT ADDED ENTRY--PERSONAL NAME
Personal name ঠাকুর, রবীন্দ্রনাথ
Titles and other words associated with a name ১৮৬১-১৯৬১
Dates associated with a name 1861-1941
Personal name Tagore, Rabindranath
650 ## - SUBJECT ADDED ENTRY--TOPICAL TERM
Topical term or geographic name as entry element বাংলা সাহিত্য
9 (RLIN) 170454
Topical term or geographic name as entry element Bengali Literature
9 (RLIN) 188343
942 ## - ADDED ENTRY ELEMENTS (KOHA)
Source of classification or shelving scheme Dewey Decimal Classification
Koha item type Books
Holdings
Lost status Source of classification or shelving scheme Damaged status Not for loan Collection code Permanent Location Current Location Shelving location Date acquired Source of acquisition Cost, normal purchase price Total Checkouts Full call number Date last seen Copy number Koha item type
  Dewey Decimal Classification   Not For Loan Non-fiction Central Library, University of Rajshahi Central Library, University of Rajshahi Reading Room 03/09/1973 Presented by Indian Govt. 0.00   B 891.4414 BAS V-1 1969 01/03/2017 C-1 Books